|
|
|
|
| LEADER |
03032nam a22004455i 4500 |
| 001 |
978-3-540-33670-9 |
| 003 |
DE-He213 |
| 005 |
20151204164820.0 |
| 007 |
cr nn 008mamaa |
| 008 |
100301s2007 gw | s |||| 0|eng d |
| 020 |
|
|
|a 9783540336709
|9 978-3-540-33670-9
|
| 024 |
7 |
|
|a 10.1007/978-3-540-33670-9
|2 doi
|
| 040 |
|
|
|d GrThAP
|
| 050 |
|
4 |
|a RE1-994
|
| 072 |
|
7 |
|a MJQ
|2 bicssc
|
| 072 |
|
7 |
|a MED063000
|2 bisacsh
|
| 082 |
0 |
4 |
|a 617.7
|2 23
|
| 245 |
1 |
0 |
|a Vitreo-retinal Surgery
|h [electronic resource] /
|c edited by Bernd Kirchhof, David Wong.
|
| 264 |
|
1 |
|a Berlin, Heidelberg :
|b Springer Berlin Heidelberg,
|c 2007.
|
| 300 |
|
|
|a XVI, 156 p.
|b online resource.
|
| 336 |
|
|
|a text
|b txt
|2 rdacontent
|
| 337 |
|
|
|a computer
|b c
|2 rdamedia
|
| 338 |
|
|
|a online resource
|b cr
|2 rdacarrier
|
| 347 |
|
|
|a text file
|b PDF
|2 rda
|
| 490 |
1 |
|
|a Essentials in Ophthalmology,
|x 1612-3212
|
| 505 |
0 |
|
|a Macular Holes -- Heavy Silicone Oil for Persistent Macular Holes -- The Role of Combined Adjunctive 5-Fluorouracil and Low Molecular Weight Heparin in Proliferative Vitreoretinopathy Prevention -- Slippage of the Retina: What Causes It and How Can It Be Prevented? -- Complete and Early Vitrectomy for Endophthalmitis (CEVE) as Today’s Alternative to the Endophthalmitis Vitrectomy Study -- Treatment of Acute Bacterial Endophthalmitis After Cataract Surgery Without Vitrectomy -- New Instruments in Vitrectomy -- 25-Gauge Biopsy of Uveal Tumors -- Vitrectomy Against Floaters -- Treatment of Retinal Detachment from Inferior Breaks with Pars Plana Vitrectomy -- Subclinical Retinal Detachment -- Autologous Translocation of the Choroid and RPE in Patients with Geographic Atrophy.
|
| 520 |
|
|
|a Progress in vitreo-retinal surgery is mercurial. Since this series is dedicated to new developments the reader is presented with a motley list of topics. The advancements described here may represent generally accepted progress in the field: New instruments, Macular hole surgery, Tumor biopsy. New ideas are set out to be tested for their benefit, for example: AMD surgery, Adjunctive pharmacotherapy. Reflections on incessant clinical problems in vitreo-retina surgery require superior scrutinization of established surgical techniques and indications: Posterior slippage, Inferior breaks, Subclinical retinal detachments. The editors will expand this list in future editions with topics like: new support for buckling surgery, enzyme assisted vitrectomy, new tamponades and other yet unknown fields of progress.
|
| 650 |
|
0 |
|a Medicine.
|
| 650 |
|
0 |
|a Ophthalmology.
|
| 650 |
1 |
4 |
|a Medicine & Public Health.
|
| 650 |
2 |
4 |
|a Ophthalmology.
|
| 700 |
1 |
|
|a Kirchhof, Bernd.
|e editor.
|
| 700 |
1 |
|
|a Wong, David.
|e editor.
|
| 710 |
2 |
|
|a SpringerLink (Online service)
|
| 773 |
0 |
|
|t Springer eBooks
|
| 776 |
0 |
8 |
|i Printed edition:
|z 9783540336693
|
| 830 |
|
0 |
|a Essentials in Ophthalmology,
|x 1612-3212
|
| 856 |
4 |
0 |
|u http://dx.doi.org/10.1007/978-3-540-33670-9
|z Full Text via HEAL-Link
|
| 912 |
|
|
|a ZDB-2-SME
|
| 950 |
|
|
|a Medicine (Springer-11650)
|